<?xml version="1.0" encoding="UTF-8"?>
<record
    xmlns:xsi="http://www.w3.org/2001/XMLSchema-instance"
    xsi:schemaLocation="http://www.loc.gov/MARC21/slim http://www.loc.gov/standards/marcxml/schema/MARC21slim.xsd"
    xmlns="http://www.loc.gov/MARC21/slim">

  <leader>01648cam a2200349 i 4500</leader>
  <controlfield tag="003">SA-RiAUC</controlfield>
  <controlfield tag="005">20250207145852.0</controlfield>
  <controlfield tag="008">250206s1984    ua h   g b   f001r0cara c</controlfield>
  <datafield tag="020" ind1=" " ind2=" ">
    <subfield code="a">9770209376</subfield>
  </datafield>
  <datafield tag="040" ind1=" " ind2=" ">
    <subfield code="a">SA-TaTUL</subfield>
    <subfield code="b">ara</subfield>
    <subfield code="c">SA-RiAUC</subfield>
    <subfield code="e">rda</subfield>
  </datafield>
  <datafield tag="082" ind1="0" ind2="4">
    <subfield code="a">924.1</subfield>
    <subfield code="q">SA-RiAUC</subfield>
  </datafield>
  <datafield tag="090" ind1=" " ind2=" ">
    <subfield code="a">924.1</subfield>
    <subfield code="b">&#x627; &#x628; &#x648; &#x628;</subfield>
  </datafield>
  <datafield tag="100" ind1="1" ind2=" ">
    <subfield code="a">&#x623;&#x628;&#x648; &#x628;&#x643;&#x631; &#x627;&#x644;&#x632;&#x628;&#x64A;&#x62F;&#x64A;&#x60C; &#x645;&#x62D;&#x645;&#x62F; &#x628;&#x646; &#x627;&#x644;&#x62D;&#x633;&#x646; &#x628;&#x646; &#x639;&#x628;&#x64A;&#x62F; &#x627;&#x644;&#x644;&#x647;&#x60C;</subfield>
    <subfield code="d">316-379 &#x647;&#x62C;&#x631;&#x64A;</subfield>
    <subfield code="e">&#x645;&#x624;&#x644;&#x641;.</subfield>
  </datafield>
  <datafield tag="245" ind1="1" ind2="0">
    <subfield code="a">&#x637;&#x628;&#x642;&#x627;&#x62A; &#x627;&#x644;&#x646;&#x62D;&#x648;&#x64A;&#x64A;&#x646; &#x648;&#x627;&#x644;&#x644;&#x63A;&#x648;&#x64A;&#x64A;&#x646; /</subfield>
    <subfield code="c">&#x644;&#x623;&#x628;&#x64A; &#x628;&#x643;&#x631; &#x645;&#x62D;&#x645;&#x62F; &#x628;&#x646; &#x627;&#x644;&#x62D;&#x633;&#x646; &#x627;&#x644;&#x632;&#x628;&#x64A;&#x62F;&#x64A; &#x627;&#x644;&#x623;&#x646;&#x62F;&#x644;&#x633;&#x64A; &#x61B; &#x62A;&#x62D;&#x642;&#x64A;&#x642; &#x645;&#x62D;&#x645;&#x62F; &#x623;&#x628;&#x648; &#x627;&#x644;&#x641;&#x636;&#x644; &#x625;&#x628;&#x631;&#x627;&#x647;&#x64A;&#x645;.</subfield>
  </datafield>
  <datafield tag="250" ind1=" " ind2=" ">
    <subfield code="a">&#x627;&#x644;&#x637;&#x628;&#x639;&#x629; &#x627;&#x644;&#x62B;&#x627;&#x646;&#x64A;&#x629;.</subfield>
  </datafield>
  <datafield tag="264" ind1=" " ind2="1">
    <subfield code="a">&#x627;&#x644;&#x642;&#x627;&#x647;&#x631;&#x629; :</subfield>
    <subfield code="b">&#x62F;&#x627;&#x631; &#x627;&#x644;&#x645;&#x639;&#x627;&#x631;&#x641;&#x60C;</subfield>
    <subfield code="c">1984</subfield>
  </datafield>
  <datafield tag="300" ind1=" " ind2=" ">
    <subfield code="a">414 &#x635;&#x641;&#x62D;&#x629; :</subfield>
    <subfield code="b">&#x645;&#x62B;&#x64A;&#x644;&#x64A;&#x627;&#x62A; &#x61B;</subfield>
    <subfield code="c">24 &#x633;&#x645;.</subfield>
  </datafield>
  <datafield tag="336" ind1=" " ind2=" ">
    <subfield code="a">&#x646;&#x635;</subfield>
    <subfield code="b">txt</subfield>
    <subfield code="2">rdacontent</subfield>
    <subfield code="3">&#x643;&#x62A;&#x627;&#x628;</subfield>
  </datafield>
  <datafield tag="337" ind1=" " ind2=" ">
    <subfield code="a">&#x628;&#x62F;&#x648;&#x646; &#x648;&#x633;&#x64A;&#x637;</subfield>
    <subfield code="b">n</subfield>
    <subfield code="2">rdamedia</subfield>
  </datafield>
  <datafield tag="338" ind1=" " ind2=" ">
    <subfield code="a">&#x645;&#x62C;&#x644;&#x62F;</subfield>
    <subfield code="b">nc</subfield>
    <subfield code="2">rdacarrier</subfield>
  </datafield>
  <datafield tag="490" ind1="0" ind2=" ">
    <subfield code="a">&#x630;&#x62E;&#x627;&#x626;&#x631; &#x627;&#x644;&#x639;&#x631;&#x628; &#x61B;</subfield>
    <subfield code="v">5</subfield>
  </datafield>
  <datafield tag="500" ind1=" " ind2=" ">
    <subfield code="a">&#x643;&#x634;&#x627;&#x641; : &#x635;&#x641;&#x62D;&#x629; 333-403.</subfield>
  </datafield>
  <datafield tag="504" ind1=" " ind2=" ">
    <subfield code="a">&#x628;&#x628;&#x644;&#x64A;&#x648;&#x62C;&#x631;&#x627;&#x641;&#x64A;&#x629; : &#x635;&#x641;&#x62D;&#x629; 409-410.</subfield>
  </datafield>
  <datafield tag="590" ind1=" " ind2=" ">
    <subfield code="a">&#x639;&#x645;&#x631; / &#x627;&#x644;&#x645;&#x642;&#x631;&#x634;&#x64A;.</subfield>
  </datafield>
  <datafield tag="650" ind1=" " ind2="7">
    <subfield code="a">&#x627;&#x644;&#x644;&#x63A;&#x648;&#x64A;&#x648;&#x646; &#x627;&#x644;&#x639;&#x631;&#x628;</subfield>
    <subfield code="v">&#x62A;&#x631;&#x627;&#x62C;&#x645;</subfield>
    <subfield code="2">aucsh</subfield>
  </datafield>
  <datafield tag="650" ind1=" " ind2="7">
    <subfield code="a">&#x627;&#x644;&#x646;&#x62D;&#x627;&#x629; &#x627;&#x644;&#x639;&#x631;&#x628;</subfield>
    <subfield code="v">&#x62A;&#x631;&#x627;&#x62C;&#x645;</subfield>
    <subfield code="2">aucsh</subfield>
  </datafield>
  <datafield tag="700" ind1="1" ind2=" ">
    <subfield code="a">&#x625;&#x628;&#x631;&#x627;&#x647;&#x64A;&#x645;&#x60C; &#x645;&#x62D;&#x645;&#x62F; &#x623;&#x628;&#x648; &#x627;&#x644;&#x641;&#x636;&#x644;&#x60C;</subfield>
    <subfield code="d">1934-1981</subfield>
    <subfield code="e">&#x645;&#x62D;&#x642;&#x642;.</subfield>
  </datafield>
  <datafield tag="700" ind1="1" ind2="2">
    <subfield code="i">&#x62A;&#x62D;&#x642;&#x64A;&#x642; &#x644;&#x640; (&#x639;&#x645;&#x644;) :</subfield>
    <subfield code="a">&#x623;&#x628;&#x648; &#x628;&#x643;&#x631; &#x627;&#x644;&#x632;&#x628;&#x64A;&#x62F;&#x64A;&#x60C; &#x645;&#x62D;&#x645;&#x62F; &#x628;&#x646; &#x627;&#x644;&#x62D;&#x633;&#x646; &#x628;&#x646; &#x639;&#x628;&#x64A;&#x62F; &#x627;&#x644;&#x644;&#x647;&#x60C;</subfield>
    <subfield code="d">316-379 &#x647;&#x62C;&#x631;&#x64A;.</subfield>
    <subfield code="t">&#x637;&#x628;&#x642;&#x627;&#x62A; &#x627;&#x644;&#x646;&#x62D;&#x648;&#x64A;&#x64A;&#x646; &#x648;&#x627;&#x644;&#x644;&#x63A;&#x648;&#x64A;&#x64A;&#x646;</subfield>
  </datafield>
  <datafield tag="856" ind1="4" ind2=" ">
    <subfield code="u">http://10.0.0.90/Tabouk14/1000100013183.pdf</subfield>
  </datafield>
  <datafield tag="942" ind1=" " ind2=" ">
    <subfield code="2">ddc</subfield>
    <subfield code="c">BOOK</subfield>
    <subfield code="n">0</subfield>
  </datafield>
  <datafield tag="949" ind1=" " ind2=" ">
    <subfield code="a">SA-JeALM</subfield>
    <subfield code="d">250206</subfield>
    <subfield code="u">osman123</subfield>
    <subfield code="n">1</subfield>
  </datafield>
  <datafield tag="952" ind1=" " ind2=" ">
    <subfield code="0">0</subfield>
    <subfield code="1">0</subfield>
    <subfield code="2">ddc</subfield>
    <subfield code="4">0</subfield>
    <subfield code="7">0</subfield>
    <subfield code="a">WAHAB</subfield>
    <subfield code="b">WAHAB</subfield>
    <subfield code="d">2025-02-07</subfield>
    <subfield code="l">0</subfield>
    <subfield code="o">924.1 &#x627; &#x628; &#x648; &#x628;</subfield>
    <subfield code="p">000009127</subfield>
    <subfield code="r">2025-02-07 14:59:49</subfield>
    <subfield code="w">2025-02-07</subfield>
    <subfield code="y">BOOK</subfield>
  </datafield>
  <datafield tag="952" ind1=" " ind2=" ">
    <subfield code="0">0</subfield>
    <subfield code="1">0</subfield>
    <subfield code="2">ddc</subfield>
    <subfield code="4">0</subfield>
    <subfield code="7">0</subfield>
    <subfield code="a">WAHAB</subfield>
    <subfield code="b">WAHAB</subfield>
    <subfield code="d">2025-02-07</subfield>
    <subfield code="l">0</subfield>
    <subfield code="o">924.1 &#x627; &#x628; &#x648; &#x628;</subfield>
    <subfield code="p">000009128</subfield>
    <subfield code="r">2025-02-07 14:59:49</subfield>
    <subfield code="w">2025-02-07</subfield>
    <subfield code="y">BOOK</subfield>
  </datafield>
  <datafield tag="999" ind1=" " ind2=" ">
    <subfield code="c">5699</subfield>
    <subfield code="d">5699</subfield>
  </datafield>
</record>
